Design Of Optimized Reversible Multiplier For High Speed Dsp Application (Record no. 233608)
[ view plain ]
| 000 -LEADER | |
|---|---|
| fixed length control field | 01080nam a2200145Ia 4500 |
| 008 - FIXED-LENGTH DATA ELEMENTS--GENERAL INFORMATION | |
| fixed length control field | 231221s9999 xx 000 0 und d |
| 041 ## - LANGUAGE CODE | |
| Language code of text/sound track or separate title | English |
| 082 ## - DEWEY DECIMAL CLASSIFICATION NUMBER | |
| Classification number | CPEC15-1083 |
| 100 ## - MAIN ENTRY--PERSONAL NAME | |
| Personal name | Nagamani, A N. Vishnu Shivakumar. Rajendra Hathwar. Vinod Kumar Agrawal. |
| 245 #0 - TITLE STATEMENT | |
| Title | Design Of Optimized Reversible Multiplier For High Speed Dsp Application |
| 260 ## - PUBLICATION, DISTRIBUTION, ETC. | |
| Date of publication, distribution, etc. | 2015 |
| 500 ## - GENERAL NOTE | |
| General note | Design Of Optimized Reversible Multiplier For High Speed Dsp Application A N Nagamani1, Vishnu Shivakumar2, Rajendra Hathwar3, Vinod Kumar Agrawal4 1,2,3Department of Electronics and Communication Engineering, PES Institute of Technology, Bangalore, INDIA 4Director CORI, Professor , Department of Information Science and engineering, PES Institute of Technology, Bangalore, INDIA Email id: nagamani@pes.edu1, vishnuprasadstar@gmail.com2 , rajendra.hathwar18@gmail.com3 vk.agrawal@pes.edu4 2015 10th International Conference on, Information, Communications and Signal Processing (ICICS), pp. 1-5, IEEE, December 2015 |
| 650 ## - SUBJECT ADDED ENTRY--TOPICAL TERM | |
| Topical term or geographic name entry element | Optimized,Reversible,Multiplier,High,Speed,Dsp |
| 942 ## - ADDED ENTRY ELEMENTS (KOHA) | |
| Koha item type | Institutional repository |
| Date last seen | Total checkouts | Full call number | Accession number | Price effective from | Category | Lost status | Damaged status | Department | Withdrawn status | Home library | Current library | Shelving location | Entry date | Grants | Currency symbol | Conversion rate | Discount | Old discount |
|---|---|---|---|---|---|---|---|---|---|---|---|---|---|---|---|---|---|---|
| 26/01/2024 | CPEC15-1083 | IR1083 | 26/01/2024 | Institutional repository | EC | Central Library | Central Library | Central Library | EC | RS | 1 |
